[Event "Santa Maria op 3rd"]
[Site "Santa Maria de Jetiba"]
[Date "2023.04.23"]
[Round "6"]
[White "Cardoso, Alan Felipe"]
[Black "De Almeida, Cesar Ricardo"]
[Result "1-0"]
[WhiteElo "1553"]
[BlackElo "1793"]
[PlyCount "41"]
[EventDate "2023.04.21"]
[EventType "swiss"]
[EventRounds "7"]
[EventCountry "BRA"]
[SourceTitle "EXT 2024"]
[Source "ChessBase"]
[SourceDate "2023.10.10"]
[SourceVersion "1"]
[SourceVersionDate "2023.10.10"]
[SourceQuality "1"]

1. c4 c6 2. Nc3 d5 3. d4 Nf6 4. Nf3 e6 5. cxd5 exd5 6. Bg5 Bf5 7. Qb3 Qb6 8. Qxb6 axb6 9. Rc1 Nbd7 10. e3 h6 11. Bh4 Ne4 12. a3 g5 13. Bg3 Nxg3 14. hxg3 f6 15. Kd2 b5 16. Bd3 Bxd3 17. Kxd3 b4 18. axb4 Bxb4 19. Ra1 Rxa1 20. Rxa1 Kd8 21. Ra8+ 1-0